Les entreprises préférées des français - Statistiques

Statistiques générales
  • Ce quiz a été pris 1 224 fois
    280 depuis la dernière actualisation
  • Le résultat moyen est 7 sur 10
Statistiques - réponses
Indice Entreprise % Correct
Pneumatique Michelin
92%
Automobile Renault
90%
Automobile Peugeot
89%
Grande distribution E.Leclerc
83%
Energie EDF
82%
Sport Décathlon
77%
Bricolage Leroy Merlin
68%
Aéronautique Airbus
67%
Distribution de biens culturels Fnac
51%
Cosmétique L'Oréal
47%
Aucun quiz correspondant
Distribution des résultats
% des personnes avec chaque résultat
Percentile par nombre de réponses
Votre historique - résultats
Vous n’avez pas pris ce quiz depuis la dernière actualisation